| 000 | 00953nam a2200217Ia 4500 | ||
|---|---|---|---|
| 999 |
_c40053 _d40053 |
||
| 001 | 6659 | ||
| 003 | GE_BSU | ||
| 005 | 20191126104310.0 | ||
| 008 | 181216s1954||||ge |||||||||||||| ||geo|| | ||
| 040 | _cGE_BSU | ||
| 041 | _ageo | ||
| 080 | _a821.353.1-31 გ-19 | ||
| 100 |
_aგამსახურდია, კონსტანტინე. _91395 |
||
| 245 |
_aდავით აღმაშენებელი : წიგნი I. : _b ტეტრალოგია / _cკონსტანტინე გამსახურდია ; რედ. ც. ჩხეიძე. |
||
| 264 |
_aთბილისი : _bსახელმწიფო გამომცემლობა, _c1954. |
||
| 300 |
_a487გვ. ; _c21 სმ. |
||
| 653 | _aდავით აღმაშენებელი | ||
| 653 | _aტეტრალოგია | ||
| 700 |
_aჩხეიძე, ც. _eრედაქტორი _93987 |
||
| 942 |
_cBK _2udc |
||